000 01012nam a2200301 i 4500
003 EG-GICUC
005 20260228105713.0
008 260127s1929 fr ||||fr|||| 000 0 fre d
040 _aEG-GiCUC
_bfre
_cEG-GiCUC
_dEG-GiCUC
_eRda
041 0 _afre
082 0 4 _221
_a341.9
_bAN . L
092 0 4 _221
099 _aLaw1 12 341.9 AN . L 1929
100 1 _aSanchez Antonio
_eAuteur
245 1 3 _aLe Code de Droit international privé et la Sixième Conférence Panaméricaine /
_csanchez Antonio.
264 _aParis :
_bLibbairif recuell sirey,
_c1929.
300 _a223 page ;
_c 24 cm.
336 _2rda contenu
_a texte
337 _2rda medias
_aOrdinateur
338 _2 transporteur rda
_a Ressource en ligne
504 _aComprend des références bibliographiques.
546 _aTexte en français
650 1 0 _aDroit international -- Histoire
_2qrmak
651 1 _2qrmak
856 4 0 _uhttps://fll.law.cu.edu.eg/fulltext/bks/B12-01817.pdf
905 _a78
_eYara
942 _2ddc
_cBK
_e21
_n0
999 _c59565
_d59565